[Event "I T. Jovenes Promesas"]
[Site "Ermua"]
[Date "2004.03.19"]
[Round "1"]
[White "Rodrigo Sarralde"]
[Black "David Perez Cela"]
[Result "1-0"]
[WhiteElo "2135"]
[BlackElo "2028"]
[PlyCount "85"]
[EventDate "2004.03.19"]

1. e4 c5 2. Nf3 e6 3. d4 cxd4 4. Nxd4 a6 5. Nc3 Nc6 6. Nb3 Qc7 7. Be3 d6 8. Bd3
Nf6 9. O-O Be7 10. f4 b5 11. h3 O-O 12. a4 b4 13. Ne2 Bb7 14. Ng3 Rfd8 15. a5
Nd7 16. Qg4 Nf6 17. Qf3 Qd7 18. Rad1 Re8 19. Qe2 Bd8 20. Nh5 Nxh5 21. Qxh5 g6
22. Qh6 Bf6 23. e5 Bg7 24. Qh4 d5 25. c4 bxc3 26. bxc3 Qe7 27. Qf2 Rec8 28. Rb1
d4 29. Bxd4 Nxd4 30. cxd4 Bd5 31. Nc5 Rcb8 32. Bxa6 Rxb1 33. Rxb1 Qc7 34. Bb7
Rxa5 35. Bxd5 exd5 36. Rb7 Qc8 37. Qb2 Bf8 38. Rb8 Qf5 39. Qd2 Ra1+ 40. Kh2 Rf1
41. e6 Qxf4+ 42. Qxf4 Rxf4 43. e7 1-0

[Event "I T. Jovenes Promesas"]
[Site "Ermua"]
[Date "2004.03.19"]
[Round "1"]
[White "Borja Zamarbide"]
[Black "Hugo Alvarez"]
[Result "1-0"]
[WhiteElo "2112"]
[BlackElo "2097"]
[PlyCount "82"]
[EventDate "2004.03.19"]

1. e4 e6 2. d4 d5 3. Nc3 Nf6 4. Bg5 Bb4 5. exd5 Qxd5 6. Bxf6 gxf6 7. Nge2 Nc6
8. Qd3 Bxc3+ 9. Qxc3 e5 10. dxe5 fxe5 11. Ng3 Qd4 12. Qxd4 Nxd4 13. O-O-O Be6
14. c3 Nf5 15. Bd3 Nxg3 16. hxg3 Bxa2 17. Rh5 f6 18. Rxh7 Rxh7 19. Bxh7 Bb3 20.
Rh1 Rd8 21. Bg6+ Ke7 22. Rh7+ Kd6 23. Bc2 Bxc2 24. Kxc2 Rd7 25. Rh6 Ke6 26. g4
Rg7 27. f3 b5 28. b4 e4 29. Kd2 a6 30. Ke3 exf3 31. gxf3 Rg5 32. Rh7 Re5+ 33.
Kf4 Kd6 34. Rf7 Re6 35. Kf5 Re3 36. Rxf6+ Kd5 37. Kf4 Rxc3 38. g5 Rc1 39. g6
Rc4+ 40. Kg3 Rxb4 41. Rxa6 Kc4 1-0

[Event "I T. Jovenes Promesas"]
[Site "Ermua"]
[Date "2004.03.19"]
[Round "1"]
[White "Yerai Galtzagorri"]
[Black "David Cantador"]
[Result "1-0"]
[WhiteElo "2197"]
[BlackElo "2050"]
[PlyCount "81"]
[EventDate "2004.03.19"]

1. Nf3 d5 2. g3 g6 3. Bg2 Bg7 4. O-O Nf6 5. d3 O-O 6. Nbd2 c5 7. e4 dxe4 8.
dxe4 Nc6 9. Qe2 e5 10. c3 Qc7 11. Nc4 h6 12. a4 Be6 13. Nfd2 Rfe8 14. b3 b6 15.
Ba3 Rad8 16. Rfd1 Rd7 17. Ne3 Red8 18. Ndc4 Nh5 19. Nd5 Bxd5 20. exd5 Na5 21.
Nxa5 bxa5 22. c4 Rb8 23. Rab1 Qd6 24. Qe3 Rc7 25. Be4 f5 26. Bc2 e4 27. Bb2 Kh7
28. Bxg7 Rxg7 29. Qc3 Rb4 30. Re1 Re7 31. Re3 Nf6 32. Rbe1 Ng4 33. R3e2 Ne5 34.
Bxe4 fxe4 35. Rxe4 Rb8 36. Rxe5 Rxe5 37. Qxe5 Qxe5 38. Rxe5 Rxb3 39. d6 Rb8 40.
Rxc5 Kg8 41. d7 1-0

[Event "I T. Jovenes Promesas"]
[Site "Ermua"]
[Date "2004.03.19"]
[Round "1"]
[White "Iñigo Argandoña"]
[Black "Santi Gonzalez de la Torre"]
[Result "1-0"]
[WhiteElo "2374"]
[BlackElo "2347"]
[PlyCount "73"]
[EventDate "2004.03.19"]

1. d4 e6 2. Nf3 c5 3. e3 d5 4. c3 Nc6 5. Nbd2 Nf6 6. Bd3 Qc7 7. O-O b6 8. a3
Bb7 9. Qe2 Be7 10. b4 h6 11. Rb1 O-O 12. Bb2 c4 13. Bc2 e5 14. b5 exd4 15. bxc6
d3 16. Bxd3 cxd3 17. Qxd3 Bxc6 18. Nd4 Bd7 19. Rfc1 Ng4 20. N2f3 Ne5 21. Nxe5
Qxe5 22. c4 dxc4 23. Rxc4 Qd5 24. e4 Qd6 25. Rd1 Rac8 26. e5 Qb8 27. Rxc8 Qxc8
28. Rc1 Qb7 29. Qg3 Be6 30. f4 Bc5 31. f5 Bxf5 32. Rxc5 bxc5 33. Nxf5 g6 34.
Nxh6+ Kh7 35. Ng4 Rd8 36. Qh4+ Kg8 37. Qxd8+ 1-0

[Event "I T. Jovenes Promesas"]
[Site "Ermua"]
[Date "2004.03.19"]
[Round "2"]
[White "David Perez Cela"]
[Black "Borja Zamarbide"]
[Result "1/2-1/2"]
[WhiteElo "2028"]
[BlackElo "2112"]
[PlyCount "76"]
[EventDate "2004.03.19"]

1. d4 e6 2. Nf3 f5 3. Nc3 Nf6 4. Bg5 Be7 5. Bxf6 Bxf6 6. e4 fxe4 7. Nxe4 b6 8.
Bd3 Bb7 9. O-O O-O 10. Ne5 d6 11. Nf3 Nd7 12. c3 e5 13. Qb3+ Kh8 14. d5 Bc8 15.
Rad1 Nc5 16. Nxc5 bxc5 17. Nd2 Bg5 18. Ne4 Bf4 19. Rfe1 Bf5 20. Qc2 Rb8 21. b3
Bd7 22. Qe2 Qe8 23. Bb1 a5 24. Qc2 Bf5 25. Qe2 a4 26. Nd2 Bxd2 27. Qxd2 axb3
28. axb3 Qg6 29. Bxf5 Qxf5 30. Re3 Rxb3 31. Rf3 Qc8 32. Rxf8+ Qxf8 33. Qe3 Qf4
34. Ra1 g6 35. Qh3 Qf5 36. Qxf5 gxf5 37. g4 Rxc3 38. gxf5 Kg7 1/2-1/2

[Event "I T. Jovenes Promesas"]
[Site "Ermua"]
[Date "2004.03.19"]
[Round "2"]
[White "Yerai Galtzagorri"]
[Black "Rodrigo Sarralde"]
[Result "1-0"]
[WhiteElo "2197"]
[BlackElo "2135"]
[PlyCount "89"]
[EventDate "2004.03.19"]

1. e4 c5 2. Nc3 d6 3. Nge2 Nc6 4. d4 cxd4 5. Nxd4 g6 6. Be3 Bg7 7. f3 Nf6 8.
Qd2 O-O 9. O-O-O d5 10. Qe1 e5 11. Nxc6 bxc6 12. exd5 Nxd5 13. Bc4 Be6 14. Ne4
Qc7 15. Bc5 Rfd8 16. g4 Nf4 17. Bxe6 Nxe6 18. Bd6 Qb6 19. g5 Rd7 20. Nf6+ Bxf6
21. gxf6 Rad8 22. Qxe5 Qa6 23. a3 Qc4 24. b3 Qh4 25. Be7 Qh6+ 26. f4 Rxd1+ 27.
Rxd1 Rxd1+ 28. Kxd1 Qxf4 29. Qxf4 Nxf4 30. c4 h5 31. Bd6 Ne6 32. b4 a6 33. Kd2
g5 34. Ke3 Kh7 35. a4 Kg6 36. b5 cxb5 37. cxb5 axb5 38. a5 Nd8 39. a6 Nc6 40.
Ke4 Kxf6 41. Kd5 Na7 42. Bc5 Nc8 43. Kc6 b4 44. Bxb4 Ke6 45. Bc5 1-0

[Event "I T. Jovenes Promesas"]
[Site "Ermua"]
[Date "2004.03.19"]
[Round "2"]
[White "Hugo Alvarez"]
[Black "Iñigo Argandoña"]
[Result "0-1"]
[WhiteElo "2097"]
[BlackElo "2374"]
[PlyCount "70"]
[EventDate "2004.03.19"]

1. d4 d6 2. Bg5 c6 3. c3 Nd7 4. Nd2 Ngf6 5. e4 e5 6. Ngf3 Be7 7. Bd3 O-O 8. O-O
h6 9. Bh4 Re8 10. Kh1 Nh5 11. Bg3 Nxg3+ 12. fxg3 Bf6 13. Nc4 Nb6 14. dxe5 dxe5
15. Ne3 Qe7 16. Qc2 Be6 17. a4 a5 18. b4 axb4 19. cxb4 Qxb4 20. Rfb1 Qa5 21.
Qb2 Nd7 22. Nc4 Qc7 23. Qxb7 Qxb7 24. Rxb7 Nc5 25. Nd6 Red8 26. Be2 Rxd6 27.
Rb4 Nb3 28. Ra3 Nd4 29. Nxd4 exd4 30. a5 c5 31. Rb5 d3 32. Bxd3 Rad8 33. Bf1
Rd1 34. h3 Rxf1+ 35. Kh2 Rdd1 0-1

[Event "I T. Jovenes Promesas"]
[Site "Ermua"]
[Date "2004.03.19"]
[Round "2"]
[White "David Cantador"]
[Black "Santi Gonzalez de la Torre"]
[Result "0-1"]
[WhiteElo "2050"]
[BlackElo "2347"]
[PlyCount "43"]
[EventDate "2004.03.19"]

1. Nf3 d5 2. g3 Nc6 3. Bg2 e5 4. d3 Be6 5. O-O Qd7 6. e4 Nge7 7. Nbd2 f6 8. a3
Bh3 9. b4 h5 10. Re1 Bxg2 11. Kxg2 d4 12. h4 Nd8 13. Nc4 Ng6 14. Qe2 Ne6 15.
Bd2 O-O-O 16. a4 Bxb4 17. Kh2 Bxd2 18. Nfxd2 Rdg8 19. Rh1 Ne7 20. Kg2 g5 21.
hxg5 Rxg5 22. Nf3 0-1

[Event "I T. Jovenes Promesas"]
[Site "Ermua"]
[Date "2004.03.19"]
[Round "3"]
[White "Rodrigo Sarralde"]
[Black "David Cantador"]
[Result "1-0"]
[WhiteElo "2135"]
[BlackElo "2050"]
[PlyCount "87"]
[EventDate "2004.03.19"]

1. e4 c6 2. d4 d5 3. exd5 cxd5 4. Bd3 Nc6 5. c3 Nf6 6. Bf4 Qb6 7. Qb3 Qxb3 8.
axb3 Bg4 9. Nd2 e6 10. Ngf3 Be7 11. h3 Bh5 12. O-O O-O 13. b4 a6 14. Ra2 Bg6
15. Bxg6 hxg6 16. Nb3 Ne4 17. Ne1 Bd6 18. Bxd6 Nxd6 19. Nd3 Rfe8 20. Re1 Rac8
21. Nbc5 Rc7 22. Kf1 Rce7 23. Ne5 Rc7 24. Ke2 Kf8 25. Kd3 Rd8 26. Nxg6+ Kg8 27.
Ne5 Re8 28. Raa1 Rd8 29. Re2 Re8 30. g4 Nxe5+ 31. Rxe5 Nc4 32. Re2 Nd6 33. Rae1
Rce7 34. h4 g6 35. f3 Kg7 36. Rh1 Rh8 37. f4 Rg8 38. b3 Rh8 39. c4 dxc4+ 40.
bxc4 Rc8 41. Rc1 Rc6 42. d5 Rcc7 43. dxe6 fxe6 44. Nxe6+ 1-0

[Event "I T. Jovenes Promesas"]
[Site "Ermua"]
[Date "2004.03.19"]
[Round "3"]
[White "Borja Zamarbide"]
[Black "Yerai Galtzagorri"]
[Result "1/2-1/2"]
[WhiteElo "2112"]
[BlackElo "2197"]
[PlyCount "63"]
[EventDate "2004.03.19"]

1. e4 c5 2. Nc3 e6 3. Nf3 a6 4. d4 cxd4 5. Nxd4 b5 6. Bd3 Qb6 7. Nb3 Qc7 8. O-O
Nf6 9. Re1 Nc6 10. Qe2 d6 11. Bf4 Be7 12. a4 b4 13. Nb1 O-O 14. N1d2 Ne5 15.
Nf3 Bb7 16. Nxe5 dxe5 17. Bg3 g6 18. f3 Nh5 19. Bf2 Nf4 20. Qe3 Nxd3 21. cxd3
Rac8 22. Rac1 Qd6 23. Na5 Bc6 24. Nc4 Qb8 25. b3 Rfd8 26. Red1 Be8 27. Qa7 Qxa7
28. Bxa7 Bc5+ 29. Bxc5 Rxc5 30. Nb2 Rdc8 31. Rc4 Kf8 32. Rdc1 1/2-1/2

[Event "I T. Jovenes Promesas"]
[Site "Ermua"]
[Date "2004.03.19"]
[Round "3"]
[White "Iñigo Argandoña"]
[Black "David Perez Cela"]
[Result "1-0"]
[WhiteElo "2374"]
[BlackElo "2028"]
[PlyCount "85"]
[EventDate "2004.03.19"]

1. d4 Nf6 2. c4 e6 3. Nc3 Bb4 4. e3 b6 5. Nf3 Bb7 6. Bd3 O-O 7. O-O d5 8. cxd5
exd5 9. Qc2 Nbd7 10. Bd2 c5 11. Rac1 Bxc3 12. Bxc3 c4 13. Bf5 g6 14. Bh3 Ne4
15. g3 b5 16. a4 bxa4 17. Qxa4 Nb6 18. Qa5 Bc8 19. Bg2 Re8 20. Nd2 Nxd2 21.
Bxd2 Bf5 22. Bb4 Qd7 23. Bc5 Bh3 24. Bxh3 Qxh3 25. Bxb6 axb6 26. Qxd5 Ra5 27.
Qg2 Qc8 28. Rc3 Qa6 29. Qc6 Rc8 30. Qd7 Rb5 31. Ra3 Ra5 32. Rfa1 Rb8 33. Qd6
Qb7 34. Rxa5 bxa5 35. Rxa5 Qxb2 36. Rc5 h5 37. Kg2 Qb1 38. Qe5 Qb4 39. Rxc4
Qxc4 40. Qxb8+ Kh7 41. Qe5 Qc8 42. d5 Qb7 43. e4 1-0

[Event "I T. Jovenes Promesas"]
[Site "Ermua"]
[Date "2004.03.20"]
[Round "3"]
[White "Santi Gonzalez de la Torre"]
[Black "Hugo Alvarez"]
[Result "1-0"]
[WhiteElo "2347"]
[BlackElo "2097"]
[PlyCount "92"]
[EventDate "2004.03.19"]

1. Nf3 d5 2. c4 Nf6 3. cxd5 Nxd5 4. Nc3 g6 5. e4 Nb6 6. d4 Bg7 7. Be3 Bg4 8.
Rc1 c6 9. Be2 O-O 10. O-O N8d7 11. a4 Nf6 12. a5 Bxf3 13. gxf3 Nbd7 14. a6 b6
15. e5 Nd5 16. Nxd5 cxd5 17. Qa4 e6 18. Bb5 Nb8 19. Rc3 f6 20. f4 fxe5 21. dxe5
g5 22. Rfc1 gxf4 23. Bxf4 Qh4 24. Rc8 Nxa6 25. Bxa6 Bxe5 26. Rxa8 Rxa8 27. Qc6
Qg4+ 28. Bg3 Rf8 29. Bc8 Rf6 30. Re1 Bxg3 31. Bxe6+ Rxe6 32. Qxe6+ Qxe6 33.
Rxe6 Bh4 34. Rd6 Kf7 35. Rxd5 Bf6 36. b3 a5 37. Rd6 b5 38. Rd5 a4 39. bxa4 bxa4
40. Ra5 Bc3 41. Rxa4 h6 42. Kg2 Be5 43. Ra6 Bf6 44. Kg3 Kg7 45. Kf4 Kg6 46. h4
Kg7 1-0

[Event "I T. Jovenes Promesas"]
[Site "Ermua"]
[Date "2004.03.20"]
[Round "4"]
[White "David Cantador"]
[Black "Hugo Alvarez"]
[Result "1/2-1/2"]
[WhiteElo "2050"]
[BlackElo "2097"]
[PlyCount "71"]
[EventDate "2004.03.19"]

1. e4 e6 2. d4 d5 3. exd5 exd5 4. c4 Nf6 5. Nc3 Be7 6. cxd5 Nxd5 7. Bc4 Nb6 8.
Bb3 O-O 9. Nge2 Nc6 10. O-O Bg4 11. Be3 Bf6 12. f3 Bf5 13. Ne4 Re8 14. d5 Nb4
15. Nxf6+ Qxf6 16. Bd4 Qe7 17. Ng3 Bg6 18. f4 Bd3 19. Qg4 Qf8 20. Nh5 Bg6 21.
Nxg7 Re4 22. Ne6 fxe6 23. dxe6 N6d5 24. Rad1 c5 25. Be5 c4 26. Qg5 cxb3 27. a3
Qf5 28. Qh6 Qf8 29. Qg5 Nc6 30. Rxd5 Qf5 31. Qh6 Nxe5 32. fxe5 Qxe6 33. Rd6 Qg4
34. Rdf6 Qc8 35. Rxg6+ hxg6 36. Qxg6+ 1/2-1/2

[Event "I T. Jovenes Promesas"]
[Site "Ermua"]
[Date "2004.03.20"]
[Round "4"]
[White "Rodrigo Sarralde"]
[Black "Borja Zamarbide"]
[Result "1/2-1/2"]
[WhiteElo "2135"]
[BlackElo "2112"]
[PlyCount "88"]
[EventDate "2004.03.19"]

1. e4 e6 2. d4 d5 3. Nc3 Bb4 4. e5 c5 5. Bd2 Ne7 6. Nb5 Bxd2+ 7. Qxd2 O-O 8.
dxc5 Nd7 9. f4 Nxc5 10. Bd3 Bd7 11. Nd4 Nc6 12. Ngf3 Nxd4 13. Nxd4 a6 14. c3
Qb6 15. Rb1 Bb5 16. Bxb5 axb5 17. a3 Ne4 18. Qe2 Rxa3 19. Qxb5 Qxb5 20. Nxb5
Ra2 21. Rf1 Rc8 22. Rf3 Rc6 23. c4 Rxc4 24. Ra3 Rxa3 25. Nxa3 Rc6 26. Kd1 h5
27. g3 f6 28. exf6 gxf6 29. Rc1 Nf2+ 30. Kd2 Rxc1 31. Kxc1 Ng4 32. h4 Ne3 33.
Kd2 Nf1+ 34. Kc3 Nxg3 35. Kb4 Ne4 36. Kb5 e5 37. fxe5 fxe5 38. Kb6 d4 39. Nc4
d3 40. Ne3 Nd2 41. Nd1 Kf7 42. Kxb7 Ke6 43. Kc6 Kf6 44. b4 e4 1/2-1/2

[Event "I T. Jovenes Promesas"]
[Site "Ermua"]
[Date "2004.03.20"]
[Round "4"]
[White "Yerai Galtzagorri"]
[Black "Iñigo Argandoña"]
[Result "1/2-1/2"]
[WhiteElo "2197"]
[BlackElo "2374"]
[PlyCount "32"]
[EventDate "2004.03.19"]

{20MB, Fritz8.ctg, OEMComputer
} 1. e4 d6 2. d4 Nf6 3. Nc3 e5 4. dxe5 dxe5 5.
Qxd8+ Kxd8 6. Bc4 Be6 7. Bxe6 fxe6 8. f3 Bd6 9. Nh3 a6 10. a4 Ke7 11. Nf2 Nc6
12. Be3 Rab8 13. Nd3 Nd4 14. Bxd4 exd4 15. Ne2 e5 16. f4 Ke6 1/2-1/2

[Event "I T. Jovenes Promesas"]
[Site "Ermua"]
[Date "2004.03.20"]
[Round "4"]
[White "David Perez Cela"]
[Black "Santi Gonzalez de la Torre"]
[Result "0-1"]
[WhiteElo "2028"]
[BlackElo "2347"]
[PlyCount "58"]
[EventDate "2004.03.19"]

{20MB, Fritz8.ctg, OEMComputer
} 1. d4 Nf6 2. c4 e5 3. dxe5 Ng4 4. e4 Nxe5 5.
f4 Nec6 6. Nf3 Bb4+ 7. Bd2 Qe7 8. Qe2 Bxd2+ 9. Nbxd2 O-O 10. O-O-O d6 11. Nb3
a5 12. Rd5 Nb4 13. Rg5 f6 14. Rg3 Nxa2+ 15. Kb1 Nb4 16. f5 Re8 17. Nfd4 N8c6
18. Rg4 a4 19. Nxc6 Nxc6 20. Nc1 a3 21. Qd2 axb2 22. Qxb2 Qe5 23. Bd3 Qxb2+ 24.
Kxb2 Ne5 25. Rg3 Nxd3+ 26. Nxd3 Rxe4 27. Kb3 Bxf5 28. Rf1 Be6 29. Nb2 Kf7 0-1

[Event "I T. Jovenes Promesas"]
[Site "Ermua"]
[Date "2004.03.20"]
[Round "5"]
[White "Borja Zamarbide"]
[Black "David Cantador"]
[Result "1-0"]
[WhiteElo "2112"]
[BlackElo "2050"]
[PlyCount "75"]
[EventDate "2004.03.19"]

1. e4 c6 2. Nc3 d5 3. Nf3 dxe4 4. Nxe4 Nf6 5. Nxf6+ gxf6 6. d4 Qc7 7. Bc4 Bf5
8. Nh4 Bg6 9. Nxg6 hxg6 10. h3 Nd7 11. Be3 e6 12. Qf3 O-O-O 13. O-O-O f5 14.
Rhe1 Bh6 15. Bxh6 Rxh6 16. Bb3 Nf6 17. Kb1 Rhh8 18. c4 Kb8 19. Re3 Rd7 20. Red3
Rhd8 21. g4 f4 22. g5 Nh5 23. d5 exd5 24. cxd5 cxd5 25. Rxd5 Rxd5 26. Rxd5 Rxd5
27. Qxd5 Qe7 28. a3 a6 29. Ka2 Ka7 30. Qxf7 Qd6 31. Bd5 Qb6 32. Bf3 Ng3 33.
fxg3 fxg3 34. Bg2 Kb8 35. Qf4+ Ka7 36. Qxg3 Qe6+ 37. Qb3 Qe7 38. Qxb7+ 1-0

[Event "I T. Jovenes Promesas"]
[Site "Ermua"]
[Date "2004.03.20"]
[Round "5"]
[White "Iñigo Argandoña"]
[Black "Rodrigo Sarralde"]
[Result "1-0"]
[WhiteElo "2374"]
[BlackElo "2135"]
[PlyCount "67"]
[EventDate "2004.03.19"]

{20MB, Fritz8.ctg, OEMComputer
} 1. d4 Nf6 2. Bg5 Ne4 3. Bf4 d5 4. f3 Nf6 5. c4
e6 6. Nc3 c6 7. e4 dxe4 8. fxe4 Bb4 9. Qd3 Qa5 10. Nge2 Nbd7 11. Bd2 Qc7 12. e5
Ng8 13. Ne4 Be7 14. c5 b6 15. Nd6+ Bxd6 16. cxd6 Qb7 17. Nf4 Nf8 18. Be2 Ng6
19. O-O Nxf4 20. Rxf4 f5 21. Rf2 Qd7 22. Rc1 Bb7 23. Bf3 Rc8 24. Qa3 a6 25. Qb3
b5 26. h4 h5 27. Bg5 g6 28. Rfc2 Nh6 29. Bxc6 Bxc6 30. Rxc6 Rxc6 31. Rxc6 Qxc6
32. Qxe6+ Kf8 33. Be7+ Kg7 34. Bf6+ 1-0

[Event "I T. Jovenes Promesas"]
[Site "Ermua"]
[Date "2004.03.20"]
[Round "5"]
[White "Santi Gonzalez de la Torre"]
[Black "Yerai Galtzagorri"]
[Result "0-1"]
[WhiteElo "2347"]
[BlackElo "2197"]
[PlyCount "64"]
[EventDate "2004.03.19"]

{20MB, Fritz8.ctg, OEMComputer
} 1. d4 d5 2. c4 e6 3. Nf3 c6 4. Nc3 Nf6 5. e3
Nbd7 6. Qc2 b6 7. Bd3 Bb7 8. O-O Be7 9. b3 O-O 10. Bb2 h6 11. Rad1 Rc8 12. Qe2
Qc7 13. Ne5 dxc4 14. Bxc4 b5 15. Bd3 Nxe5 16. dxe5 Nd7 17. f4 Nc5 18. Bb1 b4
19. Qc2 g6 20. Ne2 Ba6 21. Rf3 Rfd8 22. Nd4 Bd3 23. Rxd3 Nxd3 24. Qxd3 c5 25.
Rg3 Bf8 26. f5 exf5 27. Qxf5 cxd4 28. exd4 Bg7 29. Qe4 Qc6 30. Qxc6 Rxc6 31.
Be4 Ra6 32. Bb1 Bxe5 0-1

[Event "I T. Jovenes Promesas"]
[Site "Ermua"]
[Date "2004.03.19"]
[Round "6"]
[White "Rodrigo Sarralde"]
[Black "Santi Gonzalez de la Torre"]
[Result "0-1"]
[WhiteElo "2135"]
[BlackElo "2347"]
[PlyCount "88"]
[EventDate "2004.03.19"]

{20MB, Fritz8.ctg, OEMComputer
} 1. e4 c5 2. Nf3 e6 3. d4 cxd4 4. Nxd4 a6 5.
Nc3 b5 6. a3 Bb7 7. Be3 d6 8. Be2 Nf6 9. f3 Nbd7 10. O-O Be7 11. Qe1 h5 12. a4
b4 13. Na2 d5 14. Nxb4 Qb6 15. Nd3 Qc7 16. exd5 Nxd5 17. Bf2 h4 18. c4 Nf4 19.
Nxf4 Qxf4 20. Qc1 Qf6 21. Qc3 Bd6 22. Rad1 Be5 23. c5 Rc8 24. b4 Qf4 25. g3 Qh6
26. f4 Bxf4 27. gxf4 Qg6+ 28. Bg3 hxg3 29. Qxg3 Qxg3+ 30. hxg3 Rh3 31. Kf2 Nf6
32. Bf3 Rh2+ 33. Kg1 Bxf3 34. Rxf3 Ra2 35. a5 Nd5 36. Nf5 Rb8 37. Nd6+ Ke7 38.
f5 Rxb4 39. fxe6 Rbb2 40. Rxf7+ Kxe6 41. Re1+ Re2 42. Rxe2+ Rxe2 43. Rxg7 Rc2
44. Nb7 Ke5 0-1

[Event "I T. Jovenes Promesas"]
[Site "Ermua"]
[Date "2004.03.19"]
[Round "6"]
[White "Yerai Galtzagorri"]
[Black "Hugo Alvarez"]
[Result "1/2-1/2"]
[WhiteElo "2197"]
[BlackElo "2097"]
[PlyCount "80"]
[EventDate "2004.03.19"]

{20MB, Fritz8.ctg, OEMComputer
} 1. e4 e6 2. Nf3 d5 3. e5 c5 4. b4 cxb4 5. a3
b3 6. cxb3 Nc6 7. d4 Nge7 8. h4 Qb6 9. Bb2 Bd7 10. Nc3 Na5 11. b4 Nc4 12. Bxc4
dxc4 13. Ne4 Nd5 14. Rc1 Rc8 15. Nc5 Bxc5 16. dxc5 Qa6 17. O-O b6 18. Ng5 h6
19. Ne4 O-O 20. Qg4 Bc6 21. Nd6 b5 22. h5 Ba8 23. Rcd1 Qc6 24. Rd4 Rc7 25. Qg3
f5 26. exf6 Nxf6 27. Rh4 Re7 28. f3 a6 29. Re1 Qc7 30. Qg6 Bd5 31. Rf4 Ne8 32.
Rg4 e5 33. Rxe5 Nf6 34. Rf4 Rxe5 35. Bxe5 Qe7 36. Bxf6 Rxf6 37. Rxf6 Qxf6 38.
Qxf6 gxf6 39. Kf2 Kf8 40. Ke3 Ke7 1/2-1/2

[Event "I T. Jovenes Promesas"]
[Site "Ermua"]
[Date "2004.03.19"]
[Round "6"]
[White "Borja Zamarbide"]
[Black "Iñigo Argandoña"]
[Result "1/2-1/2"]
[WhiteElo "2112"]
[BlackElo "2374"]
[PlyCount "89"]
[EventDate "2004.03.19"]

{20MB, Fritz8.ctg, OEMComputer
} 1. d4 d6 2. e4 Nf6 3. Nc3 e5 4. dxe5 dxe5 5.
Qxd8+ Kxd8 6. Bg5 Be6 7. O-O-O+ Nbd7 8. Nf3 Bd6 9. Bh4 h6 10. Nd5 Bxd5 11. exd5
Re8 12. Bc4 g5 13. Bg3 Ne4 14. Nd2 Nxd2 15. Rxd2 f5 16. f3 Bc5 17. Re1 f4 18.
Bf2 Bxf2 19. Rxf2 Ke7 20. Bb5 a6 21. Bxd7 Kxd7 22. c4 Kd6 23. Kc2 b5 24. b3
bxc4 25. bxc4 Kc5 26. Kd3 Rab8 27. Rc2 a5 28. Ree2 a4 29. Rb2 Rb4 30. Rxb4 Kxb4
31. Rb2+ Kc5 32. Rb5+ Kd6 33. Ke4 Kd7 34. c5 Ra8 35. Rb7 Kc8 36. c6 a3 37. Kxe5
Ra5 38. Ke6 Ra6 39. Rb5 Ra4 40. d6 cxd6 41. Kxd6 Rd4+ 42. Kc5 Rd2 43. Ra5 Rxa2
44. Ra8+ Kc7 45. Ra7+ 1/2-1/2

[Event "I T. Jovenes Promesas"]
[Site "Ermua"]
[Date "2004.03.19"]
[Round "6"]
[White "David Cantador"]
[Black "David Perez Cela"]
[Result "1/2-1/2"]
[WhiteElo "2050"]
[BlackElo "2028"]
[PlyCount "47"]
[EventDate "2004.03.19"]

1. d4 e6 2. c4 f5 3. Nc3 Nf6 4. Nf3 c6 5. g3 d5 6. cxd5 cxd5 7. Bg2 Bd6 8. O-O
O-O 9. Bg5 Nbd7 10. Qc2 h6 11. Bf4 Bxf4 12. gxf4 Ne4 13. Ne5 Ndf6 14. Nd1 Bd7
15. f3 Nd6 16. e3 Qb6 17. Nc3 Nc4 18. Nxc4 dxc4 19. Kh1 Rad8 20. Rad1 Qa5 21.
e4 Rfe8 22. Qf2 b5 23. a3 Qc7 24. Qh4 1/2-1/2

[Event "I T. Jovenes Promesas"]
[Site "Ermua"]
[Date "2004.03.19"]
[Round "7"]
[White "David Perez Cela"]
[Black "Yerai Galtzagorri"]
[Result "1/2-1/2"]
[WhiteElo "2028"]
[BlackElo "2197"]
[PlyCount "69"]
[EventDate "2004.03.19"]

1. d4 d5 2. Nf3 c6 3. c4 e6 4. Nc3 Nf6 5. e3 Nbd7 6. Qc2 b6 7. b3 Bb7 8. Bd3
Be7 9. O-O Rc8 10. Bb2 O-O 11. Rac1 h6 12. Rfd1 Qc7 13. Qe2 Rfe8 14. Bb1 dxc4
15. bxc4 c5 16. d5 exd5 17. cxd5 a6 18. Bf5 Bd6 19. Ba1 Rcd8 20. Bd3 Nxd5 21.
Nxd5 Bxd5 22. h3 b5 23. Bb1 Bxf3 24. Qxf3 Be5 25. Bxe5 Nxe5 26. Qf5 g6 27. Qf6
Rxd1+ 28. Rxd1 c4 29. f4 Nd3 30. Bxd3 cxd3 31. Rxd3 Qe7 32. Qxa6 Qc5 33. Qf6
Rxe3 34. Rxe3 Qxe3+ 35. Kh2 1/2-1/2

[Event "I T. Jovenes Promesas"]
[Site "Ermua"]
[Date "2004.03.19"]
[Round "7"]
[White "Santi Gonzalez de la Torre"]
[Black "Borja Zamarbide"]
[Result "0-1"]
[WhiteElo "2347"]
[BlackElo "2112"]
[PlyCount "58"]
[EventDate "2004.03.19"]

1. d4 e6 2. c4 b6 3. a3 Bb7 4. Nc3 f5 5. d5 exd5 6. cxd5 Nf6 7. g3 Be7 8. Bg2
O-O 9. Nh3 a5 10. O-O Ne8 11. Bf4 Nd6 12. Rb1 Na6 13. b4 axb4 14. axb4 Bf6 15.
Qc1 Qe7 16. Re1 Rae8 17. e4 fxe4 18. Nxe4 Nxe4 19. Bxe4 Qf7 20. Qc2 Rxe4 21.
Qxe4 Bxd5 22. Qd3 Bc4 23. Qe4 Be6 24. Ng5 Bxg5 25. Bxg5 Qxf2+ 26. Kh1 c6 27.
Rbd1 Bh3 28. Be7 d5 29. Qe2 Bg2# 0-1

[Event "I T. Jovenes Promesas"]
[Site "Ermua"]
[Date "2004.03.19"]
[Round "7"]
[White "Hugo Alvarez"]
[Black "Rodrigo Sarralde"]
[Result "1/2-1/2"]
[WhiteElo "2097"]
[BlackElo "2135"]
[PlyCount "82"]
[EventDate "2004.03.19"]

{20MB, Fritz8.ctg, OEMComputer
} 1. d4 Nf6 2. c4 g6 3. Nc3 d5 4. Nf3 Bg7 5. Bg5
Ne4 6. e3 c5 7. cxd5 Nxg5 8. Nxg5 cxd4 9. exd4 Qb6 10. Qb3 Qxb3 11. axb3 Bxd4
12. Nb5 Bb6 13. d6 Bd7 14. dxe7 Kxe7 15. Nc3 Re8 16. Be2 Bc6 17. O-O f6 18.
Nge4 f5 19. Nd2 Nd7 20. Nc4 Bc7 21. Rfe1 Kf6 22. Bf3 Bxf3 23. gxf3 Nb6 24. Rxe8
Rxe8 25. Rxa7 Nxc4 26. bxc4 Be5 27. Nd5+ Kg5 28. Rxb7 h5 29. Re7 Rxe7 30. Nxe7
Bxb2 31. c5 Kf6 32. Nd5+ Ke5 33. c6 Kd6 34. c7 Kd7 35. f4 Ba3 36. Kg2 Bd6 37.
Kg3 g5 38. Nf6+ Kc8 39. Nxh5 Kxc7 40. h4 gxf4+ 41. Nxf4 Kd7 1/2-1/2

[Event "I T. Jovenes Promesas"]
[Site "Ermua"]
[Date "2004.03.19"]
[Round "7"]
[White "Iñigo Argandoña"]
[Black "David Cantador"]
[Result "1-0"]
[WhiteElo "2374"]
[BlackElo "2050"]
[PlyCount "55"]
[EventDate "2004.03.19"]

1. d4 e6 2. Nf3 Nf6 3. Bg5 Be7 4. e3 O-O 5. Bd3 b6 6. O-O Bb7 7. Nbd2 d6 8. c3
Nbd7 9. Qc2 h6 10. Bh4 c5 11. Bg3 Rc8 12. Qd1 Re8 13. e4 d5 14. exd5 Nxd5 15.
dxc5 bxc5 16. Qe2 N7f6 17. Rad1 Bd6 18. Bxd6 Qxd6 19. Ne4 Qe7 20. Nh4 Rcd8 21.
Nxf6+ Qxf6 22. Qe4 Ba8 23. Qh7+ Kf8 24. Nf5 exf5 25. Qh8+ Ke7 26. Rfe1+ Kd7 27.
Bb5+ Kc7 28. Rxe8 1-0

[Event "I T. Jovenes Promesas"]
[Site "Ermua"]
[Date "2004.03.19"]
[Round "5"]
[White "Hugo Alvarez"]
[Black "David Perez Cela"]
[Result "0-1"]
[WhiteElo "2028"]
[BlackElo "2097"]
[PlyCount "64"]
[EventDate "2004.03.19"]

{20MB, Fritz8.ctg, OEMComputer
} 1. d4 Nf6 2. Bg5 Ne4 3. Bf4 d5 4. f3 Nf6 5.
Nd2 e6 6. c3 Be7 7. e4 dxe4 8. fxe4 O-O 9. Ngf3 b6 10. Bd3 Bb7 11. O-O Nbd7 12.
Qc2 h6 13. Nc4 Re8 14. Rad1 Nf8 15. Qe2 Ng6 16. Bg3 Nh5 17. Nfe5 Nxg3 18. hxg3
Nxe5 19. Nxe5 Bf6 20. Ng4 Bg5 21. Bc2 Qe7 22. Qd3 f6 23. e5 f5 24. Ne3 Be4 25.
Qd2 Bxe3+ 26. Qxe3 Bxc2 27. Rd2 Be4 28. g4 Qg5 29. Qe2 Qxg4 30. Qc4 Qg5 31. Re2
Qe7 32. Qb3 Bd3 0-1